[Event "First Saturday 2012 may FM-B"]
[Site "Budapest"]
[Date "2012.05.12"]
[Round "8"]
[White "Lukacs, Albert"]
[Black "Csiba, Tibor"]
[Result "1-0"]
[WhiteElo "1776"]
[BlackElo "1438"]
[PlyCount "87"]
[EventDate "2012.05.05"]

1. e4 d6 2. d4 Nf6 3. Nc3 g6 4. h3 Bg7 5. Be3 O-O 6. Qd2 e5 7. d5 b6 8. O-O-O
Ba6 9. Be2 Bxe2 10. Ngxe2 Nbd7 11. g4 Nc5 12. Ng3 a5 13. Rhg1 Qd7 14. f3 b5 15.
Bh6 Ne8 16. Bxg7 Nxg7 17. h4 f6 18. h5 g5 19. h6 Ne8 20. Nf5 Nb7 21. Qd3 Nc5
22. Qxb5 Qxb5 23. Nxb5 Rd8 24. Na7 Rd7 25. Nc6 Rff7 26. c3 Nb7 27. b4 axb4 28.
cxb4 Kf8 29. a4 Kg8 30. a5 Nd8 31. b5 Nxc6 32. bxc6 Rd8 33. Kc2 Ra8 34. Ra1 Ra6
35. Rgb1 Rf8 36. Rb8 Kf7 37. Kb3 Kg8 38. Ka4 Kf7 39. Rab1 Ra7 40. Rd8 Kg8 41.
Rbb8 Kf7 42. Rd7+ Kg8 43. Re7 Ra6 44. Kb5 1-0

[Event "First Saturday 2012 may FM-B"]
[Site "Budapest"]
[Date "2012.05.12"]
[Round "8"]
[White "Vasilev, Sergey"]
[Black "Mirza, Solyom"]
[Result "1-0"]
[WhiteElo "1462"]
[BlackElo "1671"]
[PlyCount "93"]
[EventDate "2012.05.05"]

1. b4 e5 2. Bb2 d6 3. g3 Nf6 4. Bg2 g6 5. Nf3 Bg7 6. c4 O-O 7. Nc3 Nbd7 8. O-O
Re8 9. Nd5 c6 10. Ne3 Nh5 11. Qc2 f5 12. c5 d5 13. a4 f4 14. Nd1 Nf8 15. e4 g5
16. d3 g4 17. Ne1 f3 18. Bh1 Ne6 19. h3 Ng5 20. hxg4 Bxg4 21. Kh2 Qf6 22. Bc1
Nf4 23. gxf4 Qh6+ 24. Kg1 Nh3+ 25. Kh2 Nxf4+ 26. Kg1 Ne2+ 27. Qxe2 fxe2 28.
Bxh6 exf1=Q+ 29. Kxf1 Bxh6 30. exd5 cxd5 31. Bxd5+ Kh8 32. Bxb7 Rab8 33. Bc6
Rec8 34. b5 a6 35. f3 Bh3+ 36. Ke2 Bf8 37. Nf2 Bf5 38. Rc1 axb5 39. axb5 Rxc6
40. bxc6 Rc8 41. Ng4 Bxg4 42. fxg4 Rxc6 43. Nf3 Bd6 44. Ke3 Rxc5 45. Rxc5 Bxc5+
46. Ke4 Bd4 47. Nxe5 1-0

[Event "First Saturday 2012 may FM-B"]
[Site "Budapest"]
[Date "2012.05.12"]
[Round "8"]
[White "Somogyi, Theodora"]
[Black "Karaiskakis, Petros"]
[Result "1/2-1/2"]
[WhiteElo "1252"]
[BlackElo "1751"]
[PlyCount "36"]
[EventDate "2012.05.05"]

1. e4 e5 2. Nf3 Nc6 3. Nc3 Nf6 4. d4 exd4 5. Nxd4 Bc5 6. Nxc6 Bxf2+ 7. Kxf2
bxc6 8. Bd3 d5 9. Re1 O-O 10. Kg1 dxe4 11. Nxe4 Ng4 12. h3 Qd4+ 13. Kh1 Nf2+
14. Nxf2 Qxf2 15. Rf1 Qh4 16. Kg1 Bxh3 17. gxh3 Qg3+ 18. Kh1 Qxh3+ 1/2-1/2

[Event "First Saturday 2012 may FM-B"]
[Site "Budapest"]
[Date "2012.05.13"]
[Round "9"]
[White "Mirza, Solyom"]
[Black "Mihajlova, Diana"]
[Result "1-0"]
[WhiteElo "1671"]
[BlackElo "1410"]
[PlyCount "77"]
[EventDate "2012.05.05"]

1. e4 c5 2. Nf3 d6 3. d4 cxd4 4. Nxd4 a6 5. Nc3 Nf6 6. Bc4 e6 7. Bb3 Be7 8. O-O
O-O 9. f4 e5 10. Nf5 Bxf5 11. exf5 e4 12. g4 b5 13. Nxe4 Nxe4 14. Bd5 Qb6+ 15.
Kg2 Nd7 16. Bxe4 Rac8 17. g5 Rc4 18. Re1 Rd4 19. Qh5 d5 20. Bd3 Nc5 21. Rxe7
Nxd3 22. cxd3 Qc5 23. f6 Qc2+ 24. Re2 Qxd3 25. fxg7 Kxg7 26. b3 Kg8 27. Qf3 Qf5
28. Re5 Qc2+ 29. Qf2 Rc8 30. Re8+ Rxe8 31. Qxc2 Rde4 32. Kf2 Re1 33. Bb2 R1e4
34. Be5 h6 35. Rg1 hxg5 36. Rxg5+ Kh7 37. Rh5+ Kg6 38. Rg5+ Kh6 39. Qd1 1-0

[Event "First Saturday 2012 may FM-B"]
[Site "Budapest"]
[Date "2012.05.13"]
[Round "9"]
[White "Nemeth, Otto"]
[Black "Vasilev, Sergey"]
[Result "1-0"]
[WhiteElo "1858"]
[BlackElo "1462"]
[PlyCount "62"]
[EventDate "2012.05.05"]

1. e4 g6 2. d4 b6 3. Bd3 Bb7 4. Be3 Bg7 5. c3 e6 6. Nf3 Ne7 7. Nbd2 d6 8. Qc2
Nd7 9. a4 c5 10. Nb3 Rc8 11. dxc5 bxc5 12. Bb5 O-O 13. Bxd7 Qxd7 14. O-O Qc6
15. Nfd2 Ba6 16. Rfe1 f5 17. Bg5 Qd7 18. Nf3 Bb7 19. Nbd2 h6 20. Bxe7 Qxe7 21.
Rad1 fxe4 22. Nxe4 d5 23. Ng3 Qf7 24. Nh4 g5 25. Ng6 Rfe8 26. Ne5 Bxe5 27. Rxe5
d4 28. Qe2 Bd5 29. Re1 dxc3 30. bxc3 c4 31. f3 Qf6 1-0

[Event "First Saturday 2012 may FM-B"]
[Site "Budapest"]
[Date "2012.05.13"]
[Round "9"]
[White "Mayer, Istvan"]
[Black "Lukacs, Albert"]
[Result "1-0"]
[WhiteElo "2038"]
[BlackElo "1776"]
[PlyCount "76"]
[EventDate "2012.05.05"]

1. e4 c5 2. Nf3 e6 3. d4 cxd4 4. Nxd4 a6 5. c4 Qc7 6. Nc2 Nc6 7. Nc3 h6 8. Be3
Nf6 9. f4 h5 10. h3 d6 11. Be2 Be7 12. O-O h4 13. Rc1 Qa5 14. a3 Qd8 15. b4 O-O
16. Bf3 e5 17. f5 Nh7 18. Nd5 Bg5 19. Qd2 Bxe3+ 20. Qxe3 b5 21. Be2 bxc4 22.
Bxc4 Bb7 23. f6 g5 24. Rf5 Kh8 25. Rxg5 Rg8 26. Rh5 Rg6 27. Rxh4 Qg8 28. Qf2
Rg3 29. Nce3 Qg5 30. Rg4 Rxg4 31. hxg4 Nd4 32. Rc3 Nf8 33. Nf5 Nxf5 34. Qxf5
Qxf5 35. exf5 Rc8 36. Nb6 Rc7 37. g5 Be4 38. g6 Bxf5 1-0

[Event "First Saturday 2012 may FM-B"]
[Site "Budapest"]
[Date "2012.05.14"]
[Round "10"]
[White "Mihajlova, Diana"]
[Black "Nemeth, Otto"]
[Result "0-1"]
[WhiteElo "1410"]
[BlackElo "1858"]
[PlyCount "79"]
[EventDate "2012.05.05"]

1. e4 c5 2. Nf3 Nc6 3. d4 cxd4 4. Nxd4 d6 5. Nc3 Bd7 6. Be2 Nf6 7. Bg5 Qb6 8.
Nb3 e6 9. Qd2 Be7 10. Bxf6 gxf6 11. Na4 Qb4 12. Nc3 a6 13. a3 Qb6 14. Na4 Qc7
15. Qe3 Bd8 16. O-O h5 17. Qg3 Kf8 18. Rad1 Ne5 19. Nc3 h4 20. Qh3 Ng6 21. Bg4
Qb6 22. Nd5 Qa7 23. Nd4 Ne5 24. Ne3 Ke7 25. f4 Nxg4 26. Qxg4 Bb6 27. c3 Rag8
28. Qe2 e5 29. Nd5+ Kd8 30. Nxf6 Rg7 31. fxe5 dxe5 32. Nxd7 Kxd7 33. Qc4 Re8
34. Rxf7+ Rxf7 35. Qxf7+ Re7 36. Qd5+ Kc7 37. Qc4+ Kd8 38. Qd5+ Kc8 39. Qc4+
Bc7 40. Kh1 {after 52 move} 0-1

[Event "First Saturday 2012 may FM-B"]
[Site "Budapest"]
[Date "2012.05.14"]
[Round "10"]
[White "Somogyi, Theodora"]
[Black "Mirza, Solyom"]
[Result "0-1"]
[WhiteElo "1252"]
[BlackElo "1671"]
[PlyCount "50"]
[EventDate "2012.05.05"]

1. e4 c5 2. Nc3 d6 3. Nf3 Nf6 4. d4 cxd4 5. Nxd4 g6 6. Bc4 Bg7 7. Bg5 O-O 8.
Bxf6 Bxf6 9. Qd2 Nc6 10. Nxc6 bxc6 11. O-O-O Rb8 12. Rhe1 Qb6 13. b3 Qa5 14.
Kb2 Rd8 15. Qe3 d5 16. exd5 cxd5 17. Rxd5 Rxd5 18. Bxd5 Qxd5 19. Kb1 Bxc3 20.
Qxc3 Bf5 21. f3 Rc8 22. Qe3 Rxc2 23. Ka1 Qa5 24. a4 Qb4 25. Kb1 Qa3 0-1

[Event "First Saturday 2012 may FM-B"]
[Site "Budapest"]
[Date "2012.05.14"]
[Round "10"]
[White "Karaiskakis, Petros"]
[Black "Gruz, Janos"]
[Result "0-1"]
[WhiteElo "1751"]
[BlackElo "1858"]
[PlyCount "40"]
[EventDate "2012.05.05"]

1. d4 g6 2. Nf3 Bg7 3. g3 d6 4. Bg2 c6 5. O-O f5 6. c4 d5 7. Nc3 e6 8. Bf4 Nf6
9. cxd5 exd5 10. Ne5 Nbd7 11. f3 Nh5 12. e4 Nxf4 13. gxf4 Nf6 14. Qb3 O-O 15.
Rac1 Qb6 16. Qxb6 axb6 17. Nd3 fxe4 18. fxe4 dxe4 19. Nxe4 Bf5 20. Rce1 Rfd8
0-1

[Event "First Saturday 2012 may FM-B"]
[Site "Budapest"]
[Date "2012.05.15"]
[Round "11"]
[White "Mirza, Solyom"]
[Black "Karaiskakis, Petros"]
[Result "1-0"]
[WhiteElo "1671"]
[BlackElo "1751"]
[PlyCount "49"]
[EventDate "2012.05.05"]

1. e4 e5 2. Nf3 Nc6 3. Bc4 Nf6 4. Ng5 d5 5. exd5 Na5 6. Bb5+ c6 7. dxc6 bxc6 8.
Be2 Bc5 9. c3 Bb6 10. b4 Nb7 11. Bc4 O-O 12. Nxf7 Rxf7 13. Bxf7+ Kxf7 14. Qe2
Bf5 15. f3 Bd3 16. Qd1 Nd5 17. Qb3 Kf8 18. c4 Nxb4 19. Qxb4+ Bc5 20. Qxb7 Rb8
21. Qxc6 Qd4 22. Nc3 Qxc4 23. Qa4 Qxa4 24. Nxa4 Bd4 25. Nc3 1-0

[Event "First Saturday 2012 may FM-B"]
[Site "Budapest"]
[Date "2012.05.15"]
[Round "11"]
[White "Nemeth, Otto"]
[Black "Somogyi, Theodora"]
[Result "1-0"]
[WhiteElo "1858"]
[BlackElo "1252"]
[PlyCount "87"]
[EventDate "2012.05.05"]

1. e4 c5 2. Nc3 e5 3. Bc4 Nc6 4. a3 d6 5. Nd5 Be6 6. c3 Nf6 7. d3 Be7 8. h3 O-O
9. Be3 a6 10. Ne2 b5 11. Ba2 Rb8 12. Qd2 a5 13. O-O b4 14. Nxf6+ Bxf6 15. Bxe6
fxe6 16. f4 Rb7 17. f5 Re7 18. fxe6 Rxe6 19. axb4 axb4 20. Ra6 Qc8 21. Rfa1 Qb7
22. Qd1 Re7 23. Qb3+ Kh8 24. Qd5 Rc8 25. Ng3 Nd8 26. Qxd6 Nf7 27. Qd5 Qxd5 28.
exd5 Rd7 29. c4 Bg5 30. Bxg5 Nxg5 31. Ne4 Nf7 32. Ra8 Rdd8 33. Rxc8 Rxc8 34.
Ra7 Kg8 35. Rxf7 Kxf7 36. Nd6+ Ke7 37. Nxc8+ Kd7 38. Na7 g6 39. Kf2 Kd6 40. Kf3
h6 41. Ke4 Kc7 42. b3 Kd7 43. Kxe5 g5 44. g4 1-0

[Event "First Saturday 2012 may FM-B"]
[Site "Budapest"]
[Date "2012.05.15"]
[Round "11"]
[White "Csiba, Tibor"]
[Black "Mihajlova, Diana"]
[Result "1-0"]
[WhiteElo "1438"]
[BlackElo "1410"]
[PlyCount "75"]
[EventDate "2012.05.05"]

1. d4 Nf6 2. c4 e5 3. dxe5 Ne4 4. Nd2 Bb4 5. a3 Bxd2+ 6. Bxd2 Nc6 7. Nf3 d6 8.
exd6 Qxd6 9. e3 Bg4 10. Qc2 Bxf3 11. gxf3 Nxd2 12. Qxd2 Qe6 13. Rd1 Ne5 14. Qe2
Qc6 15. e4 O-O 16. f4 Ng4 17. f3 Rfe8 18. Bh3 Nf6 19. e5 Rad8 20. O-O Rxd1 21.
Rxd1 Nh5 22. Bd7 Qg6+ 23. Qg2 Qxg2+ 24. Kxg2 Nxf4+ 25. Kg3 Nh5+ 26. Kh4 Rd8 27.
Kxh5 c6 28. Rd6 Kf8 29. c5 Ke7 30. Bg4 Rb8 31. b4 a6 32. f4 a5 33. f5 f6 34.
exf6+ gxf6 35. Kh6 Rg8 36. h3 axb4 37. axb4 Rg7 38. Kxg7 1-0

[Event "First Saturday 2012 may FM-B"]
[Site "Budapest"]
[Date "2012.05.15"]
[Round "11"]
[White "Mayer, Istvan"]
[Black "Vasilev, Sergey"]
[Result "1-0"]
[WhiteElo "2038"]
[BlackElo "1462"]
[PlyCount "29"]
[EventDate "2012.05.05"]

1. e4 b6 2. d4 g6 3. Nf3 Bg7 4. Bc4 Bb7 5. O-O e6 6. Nc3 Ne7 7. d5 Bxc3 8. bxc3
exd5 9. exd5 d6 10. Bg5 Kd7 11. Nd4 h6 12. Bf6 h5 13. Qf3 Qf8 14. Rfe1 Nc8 15.
Qh3# 1-0